| 000 | 00402nam a22001457a 4500 | ||
|---|---|---|---|
| 020 | _a0309024625 | ||
| 082 |
_a387.7364 _bAIR _cD |
||
| 100 |
_aClark, Mildred., _938401 |
||
| 245 |
_aAirport landside capacity/ _bSpecial report 159. |
||
| 260 |
_aWashington: _bTRB, _cc1975 |
||
| 300 |
_a294 p. : _bill. ; _c18 cm. |
||
| 526 |
_a0 _b0 _c0 _d387_736400000000000_AIR |
||
| 650 |
_aMCE _9379 |
||
| 942 |
_2ddc _cBK |
||
| 999 |
_c543033 _d543033 |
||